=LDR 00000nam 2200000 4500 =001 INLIS000000000006556 =005 20251111085532 =035 ##$$a 0010-1125000430 =007 ta =008 251111###########################0#eng## =082 ##$$a 808.85 =084 ##$$a 808.85 SPE =245 ##$$a Speech of Dr Nabiha /$c Badan Koordinasi Keluarga Berencana Nasional =260 ##$:$b Badan Koordinasi Keluarga Berencana Nasional =300 ##$$a 8 Hal : $b Ilus ; $c 21 =650 #4$$a Keluarga Berencana =856 ##$$a Perpustakaan Kemendukbangga